All NXT Title Winners - Statistics

General Stats
  • This quiz has been taken 2,195 times
    76 since last reset
  • The average score is 134 of 192
Answer Stats
Title Champion % Correct
Women's Charlotte Flair
95%
NXT Championship | NXT Tag Team | North American Johnny Gargano
95%
NXT Championship | North American Oba Femi
95%
NXT Championship Seth Rollins
95%
NXT Championship | North American Adam Cole
93%
Cruiserweight Angel Garza
93%
Women's Bayley
93%
NXT Tag Team Bobby Fish
93%
NXT Tag Team Kyle O'Reilly
93%
Women's Paige
93%
NXT Tag Team Roderick Strong
93%
NXT Championship Sami Zayn
93%
NXT Championship | NXT Tag Team Tommaso Ciampa
93%
Women's Becky Lynch
90%
NXT Championship Big E Langston
90%
NXT Championship Bo Dallas
90%
NXT Championship | NXT Tag Team Bron Breakker
90%
NXT Championship Dolph Ziggler
90%
NXT Championship Kevin Owens
90%
Women's Sasha Banks
90%
Heritage Cup | NXT Championship | NXT Tag Team | North American Tony D'Angelo
90%
NXT Championship | North American Trick Williams
90%
NXT Championship | NXT Tag Team Adrian Neville
88%
Cruiserweight | NXT Championship | North American Carmelo Hayes
88%
NXT Championship Drew McIntyre
88%
NXT Championship Finn Balor
88%
NXT Championship Joe Hendry
88%
Women's Kairi Sane
88%
NXT Championship | North American Keith Lee
88%
Women's Rhea Ripley
88%
NXT Championship Shinsuke Nakamura
88%
North American Dragon Lee
85%
NXT Championship | North American Ethan Page
85%
Women's Jacy Jayne
85%
NXT Championship | North American Ricky Saints
85%
NXT Championship Samoa Joe
85%
NXT Tag Team | North American Wes Lee
85%
NXT Championship Karrion Kross
83%
Women's North American | Women's Speed Sol Ruca
83%
NXT Championship Andrade "Cien" Almas
80%
Women's Asuka
80%
NXT Tag Team Channing "Stacks" Lorenzo
80%
Women's Tag Team Jacy Jayne
80%
Heritage Cup Channing "Stacks" Lorenzo
78%
NXT Championship Ilja Dragunov
78%
Women's | Women's Tag Team Io Shirai
78%
Heritage Cup Noam Dar
78%
Women's | Women's Tag Team Roxanne Perez
78%
Women's | Women's North American Stephanie Vaquer
78%
Women's Tiffany Stratton
78%
NXT Championship Aleister Black
75%
NXT Championship Bobby Roode
75%
NXT Tag Team Jason Jordan
75%
Women's North American Kelani Jordan
75%
Women's | Women's North American Tatum Paxley
75%
NXT Tag Team Axiom
73%
NXT Tag Team Baron Corbin
73%
NXT Tag Team Chad Gable
73%
NXT Tag Team Dion Lennox
73%
NXT Tag Team Erick Rowan
73%
Women's Giulia
73%
Women's Lola Vice
73%
NXT Tag Team Luke Harper
73%
Women's Lyra Valkyria
73%
Heritage Cup | NXT Tag Team Nathan Frazer
73%
Women's | Women's Tag Team Raquel González
73%
Women's Shayna Baszler
73%
NXT Tag Team Andre Chase
70%
Women's North American Blake Monroe
70%
Women's Tag Team Dakota Kai
70%
NXT Tag Team Dash Wilder
70%
Women's | Women's Tag Team Ember Moon
70%
Women's Mandy Rose
70%
NXT Tag Team Osiris Griffin
70%
NXT Tag Team Pete Dunne
70%
North American Ricochet
70%
NXT Tag Team Corey Graves
68%
North American Dominik Mysterio
68%
NXT Tag Team Hank Walker
68%
NXT Tag Team Jeff Hardy
68%
Heritage Cup | Speed Lexis King
68%
NXT Tag Team Matt Hardy
68%
Cruiserweight | North American Roderick Strong
68%
NXT Tag Team Saquon Shugars
68%
NXT Tag Team Scott Dawson
68%
NXT Tag Team Tank Ledger
68%
Women's Tag Team Gigi Dolin
65%
NXT Tag Team Konnor
65%
North American Myles Borne
65%
NXT Tag Team Ridge Holland
65%
Women's North American Thea Hail
65%
North American Velveteen Dream
65%
NXT Tag Team Viktor
65%
North American Damian Priest
63%
NXT Tag Team Erik
63%
Women's | Women's Tag Team Indi Hartwell
63%
NXT Tag Team Ivar
63%
NXT Tag Team Matt Riddle
63%
NXT Tag Team Tyler Bate
63%
NXT Tag Team Akam
60%
NXT Tag Team Duke Hudson
60%
Speed El Grande Americano
60%
Women's North American | Women's Speed | Women's Tag Team Fallon Henley
60%
Women's North American Izzi Dame
60%
NXT Tag Team Kalisto
60%
NXT Tag Team Rezar
60%
Cruiserweight Santos Escobar
60%
NXT Tag Team Sin Cara
60%
NXT Tag Team Angelo Dawkins
58%
Women's Tag Team Candice LeRae
58%
Women's Tag Team Cora Jade
58%
Speed Jasper Troy
58%
NXT Tag Team Montez Ford
58%
NXT Tag Team Nash Carter
58%
NXT Tag Team Brad Baylor
55%
NXT Tag Team Eric Young
55%
NXT Tag Team Ricky Smokes
55%
NXT Tag Team Marcel Barthel
53%
NXT Tag Team Alexander Wolfe
50%
NXT Tag Team Buddy Murphy
50%
NXT Tag Team Fabian Aichner
50%
NXT Tag Team Fandango
50%
NXT Tag Team Kofi Kingston
50%
North American Leon Ruff
50%
NXT Tag Team Oliver Grey
50%
NXT Tag Team Simon Gotch
50%
North American Solo Sikoa
50%
NXT Tag Team Trent Seven
50%
NXT Tag Team Tyler Breeze
50%
NXT Tag Team Wesley Blake
50%
NXT Tag Team Xavier Woods
50%
NXT Tag Team Aiden English
48%
North American Bronson Reed
48%
Speed Elio LeFleur
48%
Cruiserweight Jordan Devlin
48%
Women's Tag Team Kayden Carter
48%
Women's Tag Team Kiana James
48%
Women's Tag Team Shotzi Blackheart
48%
Women's Speed Wren Sinclair
48%
NXT Tag Team Brutus Creed
45%
Heritage Cup Charlie Dempsey
45%
Cruiserweight Drew Gulak
45%
NXT Tag Team Julius Creed
45%
North American Shawn Spears
45%
Women's Tag Team Alba Fyre
43%
North American Isaiah "Swerve" Scott
43%
Cruiserweight Lio Rush
43%
NXT Tag Team Oney Lorcan
43%
NXT Tag Team Wolfgang
43%
Women's Tag Team Zoey Stark
43%
North American Cameron Grimes
40%
Women's Tag Team Isla Dawn
40%
Cruiserweight Kushida
40%
NXT Tag Team Danny Burch
38%
NXT Tag Team Elton Prince
38%
Women's Tag Team Katana Chance
38%
NXT Tag Team Kit Wilson
38%
NXT Tag Team Mark Coffey
35%
No matching quizzes found
Score Distribution
Percent of People with Each Score
Percentile by Number Answered
Your Score History
You have not taken this quiz since the last reset